000 00541cam a2200217ua 4500
020 _c37.06
041 _aeng
_h
082 _a539
_bBLA/IN
100 _aBlanchard, C.H .
245 _aInroduction to modern Physics /
_cC.H.Blanchard.
_hTextual Documents
250 _a1 /
_b.
260 _aLondon :
_bSir Isaac Pitman & Sons Ltd ,
_c1964.
300 _a420 ; .
365 _a37.06
504 _a
700 1 _aBurnett, C.R .
700 1 _aStoner, R.G .
700 1 _aWeber, R.G .
942 _cBK
999 _c1845
_d1845